[Event "Ch Croatia (team) (1st league) (juniors)"]
[Site "masterchessopen.com Pula (Croatia)"]
[Round "9"]
[White "Brkic Ante (CRO)"]
[Black "Muslic Enes (CRO)"]
[Result "1-0"]
[WhiteElo "2330"]
[BlackElo "2122"]

1.d4 Nf6 2.Nf3 g6 3.g3 d5 4.Bg2 Bg7 5.O-O O-O 6.c4 dxc4 7.Na3 c3 8.bxc3 c5
9.Rb1 Nc6 10.Ne5 Nxe5 11.dxe5 Ng4 12.f4 Qa5 13.Qc2 c4 14.Rb5 Qc7 15.h3 a6
16.Rb4 Qc5+ 17.e3 Nxe3 18.Qf2 Qxb4 19.cxb4 Nxf1 20.Qxf1 Be6 21.Nxc4 Rac8
22.Ne3 Bxa2 23.Bxb7 Rc7 24.Bxa6 f6 25.Bb2 fxe5 26.Qa1 Be6 27.Bxe5 Bxe5 28.Qxe5
Rc1+ 29.Kg2 Bf7 30.b5 Rd8 31.b6 {#r} 1-0

[Event "Ch Iran"]
[Site "masterchessopen.com Teheran (Iran)"]
[Round "8"]
[White "Roghani Arash (IRI)"]
[Black "Mohammadi H R (IRI)"]
[Result "1-0"]
[WhiteElo "2276"]
[BlackElo "2265"]

1.d4 Nf6 2.c4 g6 3.Nf3 Bg7 4.g3 d5 5.Bg2 O-O 6.O-O dxc4 7.Na3 Nc6 8.Nxc4 Be6
9.b3 Bd5 10.Bb2 a5 11.Rc1 a4 12.bxa4 Ra6 13.a3 Qa8 14.Qc2 Rxa4 15.Ncd2 Bxf3
16.Nxf3 Rd8 17.e3 Ne8 18.Nd2 Nb8 19.Ne4 c6 20.Bh3 e6 21.Qb3 Ra5 22.Rc5 Rd5
23.Rxa5 Rxa5 24.Bxe6 fxe6 25.Qxe6+ Kf8 26.a4 {#r} 1-0

[Event "It (cat.5)"]
[Site "masterchessopen.com Vukovar (Croatia)"]
[Round "6"]
[White "Brkic Ante (CRO)"]
[Black "Milu Romeo Sorin (ROM)"]
[Result "0-1"]
[WhiteElo "2330"]
[BlackElo "2461"]

1.d4 Nf6 2.Nf3 g6 3.g3 d5 4.Bg2 Bg7 5.O-O O-O 6.c4 dxc4 7.Ne5 Ne8 8.Na3 c5
9.Be3 Nd6 10.dxc5 Bxe5 11.cxd6 Bxb2 12.Nxc4 Bxa1 13.Qxa1 f6 14.Rd1 e6 15.Bh6
Rf7 16.Bh3 Bd7 17.g4 Nc6 18.Bg2 Rc8 19.g5 b5 20.Ne3 Ne5 21.f4 Qb6 22.Qd4 Qxd4
23.Rxd4 Rc1+ 24.Kf2 fxg5 25.Bxg5 h5 26.Kg3 Nc4 27.Nxc4 Rxc4 28.Rxc4 bxc4
29.Be4 Kg7 30.Be7 c3 31.e3 Rf5 {#R} 0-1

[Event "Ch Germany (juniors) (under 14)"]
[Site "masterchessopen.com Willingen (Germany)"]
[Round "4"]
[White "Fruebing Stefan (GER)"]
[Black "Nuesken Nikolas (GER)"]
[Result "0-1"]
[WhiteElo "2067"]
[BlackElo "2318"]

1.d4 Nf6 2.Nf3 g6 3.g3 Bg7 4.Bg2 d5 5.O-O O-O 6.c4 dxc4 7.Na3 c3 8.bxc3 c5
9.Bb2 Nc6 10.e3 Qa5 11.Nc4 Qa6 12.Nce5 Be6 13.Nxc6 bxc6 14.Nd2 cxd4 15.cxd4
Rab8 16.Qc2 Nd7 17.Bc3 Rfc8 18.Ne4 c5 19.dxc5 Nxc5 20.Bxg7 Nxe4 21.Qxe4 Kxg7
22.Rfd1 Kg8 23.Rd2 Qa3 24.Rad1 Rc1 25.Qe5 Rbc8 26.Bb7 Qb4 27.Qd4 Rxd1+ 28.Rxd1
Qxb7 29.a3 Bh3 30.e4 Bg4 31.Rd2 Bf3 {#R} 0-1

[Event "Memorial Nestor Roldan (juniors) (under 18)"]
[Site "masterchessopen.com Arequipa (Peru)"]
[Round "2"]
[White "Vera Kelver (PER)"]
[Black "Quinones Cesar (PER)"]
[Result "0-1"]
[WhiteElo "2237"]
[BlackElo "2144"]

1.Nf3 d5 2.d4 Nf6 3.g3 g6 4.Bg2 Bg7 5.O-O O-O 6.c4 dxc4 7.Na3 c3 8.bxc3 c5
9.Nc4 Nc6 10.Nfe5 Nd5 11.Nxc6 bxc6 12.Ne5 Nxc3 13.Nxc6 Qc7 14.Qd3 cxd4 15.Ba3
Bb7 16.Nxe7+ Kh8 17.Bxb7 Qxb7 18.e3 Qf3 19.Rae1 Rfe8 20.Qc4 Ne4 21.Nc6 Nd2
22.Qd3 dxe3 {#R} 0-1

[Event "Olympiad (w)"]
[Site "masterchessopen.com Bled (Slovenia)"]
[Round "4"]
[White "Tay Li-Jin Jeslin (SIN)"]
[Black "Stolarczyk Anna (POL)"]
[Result "0-1"]
[WhiteElo "1942"]
[BlackElo "2027"]

1.Nf3 d5 2.d4 Nf6 3.g3 g6 4.Bg2 Bg7 5.O-O O-O 6.c4 dxc4 7.Qc2 Nc6 8.Qxc4 Be6
9.Qd3 Nb4 10.Qd2 Nxa2 11.Ng5 Nxc1 12.Nxe6 fxe6 13.Rxc1 c6 14.Qe3 Kh8 15.Bh3
Nd5 16.Qd2 e5 17.dxe5 Bxe5 18.Rd1 Qb6 19.Rf1 Qxb2 20.Qxb2 Bxb2 21.Ra2 Bg7
22.Nd2 Nc3 23.Ra3 Nxe2+ 24.Kg2 b5 25.Re1 Nc3 26.Rxe7 Bd4 27.f4 Bc5 28.Rxc3
Bxe7 29.Rxc6 a5 30.Rc2 a4 31.Nb1 b4 32.Ra2 a3 33.Be6 Rfd8 34.Kf2 Rd6 35.Bc4
Rad8 {#R} 0-1

[Event "It (open)"]
[Site "masterchessopen.com Cappelle la Grande (France)"]
[Round "3"]
[White "Nogueiras Jesus (CUB)"]
[Black "Leroy Didier (FRA)"]
[Result "1-0"]
[WhiteElo "2528"]
[BlackElo "2276"]

1.Nf3 g6 2.d4 Nf6 3.c4 Bg7 4.g3 O-O 5.Bg2 d5 6.O-O dxc4 7.Na3 Nc6 8.Nxc4 Be6
9.b3 Bd5 10.Bb2 a5 11.a4 Qb8 12.e3 Rd8 13.Nfd2 Bxg2 14.Kxg2 Qa7 15.Qf3 Qa6
16.Rfd1 Rab8 17.Rac1 e6 18.Ne5 Nxe5 19.dxe5 Ne8 20.Ne4 Qa8 21.Ng5 b6 22.e4
{#r} 1-0

[Event "It (open) \"]
[Site "masterchessopen.com Copenhagen (Denmark)"]
[Round "10"]
[White "Moen Andreas (NOR)"]
[Black "Aaberg Anton (SWE)"]
[Result "0-1"]
[WhiteElo "2265"]
[BlackElo "2404"]

1.Nf3 Nf6 2.d4 g6 3.g3 Bg7 4.Bg2 O-O 5.O-O d5 6.c4 dxc4 7.Na3 Nc6 8.Nxc4 Be6
9.b3 Bd5 10.Bb2 a5 11.Na3 Qc8 12.Nb5 Rd8 13.Qc1 a4 14.Qf4 Ra5 15.bxa4 Rxa4
16.Nc3 Rb4 17.Qc1 Bxf3 18.Bxf3 Nxd4 19.Bg2 Rc4 20.Nd5 Rxc1 21.Nxe7+ Kh8
22.Nxc8 Nxe2+ 23.Kh1 Rxa1 24.Rxa1 Rxc8 25.Bf3 Re8 26.Rd1 Ne4 {#R} 0-1

[Event "Moravian League 2002/03 (1st)"]
[Site "masterchessopen.com Czech Republic"]
[Round "4"]
[White "Uher Vladimir (CZE)"]
[Black "Smistik Milan (CZE)"]
[Result "0-1"]
[WhiteElo "2124"]
[BlackElo "2263"]

1.d4 Nf6 2.Nf3 g6 3.g3 Bg7 4.Bg2 d5 5.O-O O-O 6.c4 dxc4 7.Na3 Nbd7 8.Nxc4 c5
9.Bd2 cxd4 10.Nxd4 Nc5 11.Bb4 Na6 12.Ba3 Rb8 13.Ne5 Nd7 14.Nef3 Re8 15.Rc1 Ne5
16.Nxe5 Bxe5 17.Nb5 Qb6 18.Qd5 Bf6 19.Nc3 Nb4 20.Qb5 Qxb5 21.Nxb5 a5 22.Bxb4
axb4 23.Rc4 Bxb2 24.Rxb4 Be5 25.f4 Bg7 26.Rc1 Bg4 27.e3 Red8 28.h3 Be6 29.a4
Rd3 30.Kf2 Rbd8 31.Bxb7 Rd2+ 32.Kf3 Bxh3 33.Nd4 f5 34.g4 Bxg4+ 35.Kg3 Rd3
36.Re1 Bxd4 {#R} 0-1

[Event "It (open)"]
[Site "masterchessopen.com Dubai (United Arab Emirates)"]
[Round "3"]
[White "Neverov Valeriy (UKR)"]
[Black "Odeev Handszar (TKM)"]
[Result "1-0"]
[WhiteElo "2588"]
[BlackElo "2453"]

1.d4 Nf6 2.c4 g6 3.Nf3 Bg7 4.g3 O-O 5.Bg2 d5 6.O-O dxc4 7.Na3 c3 8.bxc3 c5
9.Bb2 Nc6 10.e3 Bf5 11.Nd2 Rc8 12.e4 Bg4 13.f3 Bd7 14.d5 Ne5 15.c4 Ne8 16.Rb1
f5 17.f4 Ng4 18.Nc2 Bxb2 19.Rxb2 fxe4 20.Nxe4 b6 21.Bh3 Ngf6 22.Bxd7 Qxd7
23.Ng5 Nc7 24.Ne3 b5 25.cxb5 Ncxd5 {#r} 1-0

[Event "It (open)"]
[Site "masterchessopen.com Gent (Belgium)"]
[Round "7"]
[White "Renette Hans (BEL)"]
[Black "Goormachtigh Johan (BEL)"]
[Result "0-1"]
[WhiteElo "2133"]
[BlackElo "2303"]

1.d4 Nf6 2.Nf3 g6 3.g3 Bg7 4.Bg2 O-O 5.O-O d5 6.c4 dxc4 7.Na3 Nc6 8.Nxc4 Be6
9.b3 Bd5 10.Bb2 a5 11.Nfe5 Bxg2 12.Kxg2 Nxe5 13.Nxe5 Qd5+ 14.Nf3 Rfd8 15.Qc2
c6 16.Rfd1 a4 17.Kf1 Qe4 18.Rac1 Qxc2 19.Rxc2 Rd5 20.bxa4 Rxa4 21.a3 Ne4
22.Rb1 Rb5 23.Rd1 e6 24.Kg2 Bf8 25.Rd3 Bg7 26.Ne5 Nd6 27.Nd7 Nc4 28.Bc1 Nb6
29.Nc5 Rc4 30.Rxc4 Nxc4 31.Rc3 Rxc5 {#R} 0-1

[Event "Bayern Oberliga 2001/02"]
[Site "masterchessopen.com Germany"]
[Round "5"]
[White "Wild Rudolf (GER)"]
[Black "Dietrich Reinhard (GER)"]
[Result "1-0"]
[WhiteElo "2268"]
[BlackElo "2104"]

1.Nf3 Nf6 2.g3 g6 3.Bg2 Bg7 4.O-O O-O 5.c4 d5 6.d4 dxc4 7.Ne5 c5 8.d5 Nbd7
9.Nxc4 Nb6 10.Nxb6 Qxb6 11.Nc3 Bd7 12.Qc2 Rac8 13.e4 e5 14.dxe6 Bxe6 15.h3
Rfd8 16.Bg5 h6 17.Be3 Qa6 18.Rfd1 b6 19.g4 Ne8 20.Nd5 Bxd5 21.exd5 Nd6 22.Bf1
Qb7 23.Rac1 Re8 24.Bf4 Rcd8 25.a4 Qe7 26.b3 Kh7 27.Bg2 Bd4 28.Rxd4 cxd4 29.Qd2
g5 30.Bg3 Qf6 31.Rc6 Rd7 32.Qb4 Red8 33.Be4+ Kg8 34.Bf5 Qe7 35.Bxd7 Nf5
36.Qxe7 Nxe7 {#r} 1-0

[Event "Ch Peru (1/2 final)"]
[Site "masterchessopen.com Lima (Peru)"]
[Round "5"]
[White "Nina Miguel (PER)"]
[Black "Ascoy Adolfo (PER)"]
[Result "1-0"]
[WhiteElo "2335"]
[BlackElo "2189"]

1.d4 Nf6 2.Nf3 g6 3.g3 Bg7 4.Bg2 O-O 5.O-O d5 6.c4 dxc4 7.Na3 c3 8.bxc3 c5
9.Qb3 Nc6 10.Rd1 Qa5 11.d5 Nb8 12.Ne5 Nfd7 13.Nxd7 Nxd7 14.Bb2 Rb8 15.Nc4 Qc7
16.d6 exd6 17.Nxd6 b5 18.Bh3 c4 19.Qc2 f5 20.Ba3 Nc5 21.Rab1 a6 22.Qd2 Be6
23.Qe3 b4 24.Bxb4 Ne4 25.Nxe4 Rfe8 26.Nd6 {#r} 1-0

[Event "It (open)"]
[Site "masterchessopen.com Nuernberg (Germany)"]
[Round "1"]
[White "Schloetterer Hermann (GER)"]
[Black "Antwan Daas"]
[Result "1-0"]
[WhiteElo "2135"]
[BlackElo "1555"]

1.d4 d5 2.g3 Nf6 3.Bg2 g6 4.Nf3 Bg7 5.O-O O-O 6.c4 dxc4 7.Na3 Bf5 8.Ng5 c6
9.Nxc4 h6 10.Nf3 Be4 11.Ncd2 Bd5 12.Qc2 Bxf3 13.Nxf3 Nh5 14.Rd1 Kh7 15.e4 Nd7
16.Be3 Qc7 17.Rac1 Rac8 18.b4 e6 19.d5 exd5 20.exd5 Nb6 21.dxc6 Qxc6 {#r} 1-0

[Event "Ch Gallego"]
[Site "masterchessopen.com Padrun (Spain)"]
[Round "4"]
[White "Perez Mauricio Xoel (ESP)"]
[Black "Perez Fungueiro Manuel A (ESP)"]
[Result "1-0"]
[WhiteElo "2034"]
[BlackElo "2231"]

1.d4 Nf6 2.Nf3 g6 3.g3 Bg7 4.Bg2 d5 5.O-O O-O 6.c4 dxc4 7.Qa4 Nfd7 8.Qxc4 Nb6
9.Qd3 Nc6 10.Rd1 a5 11.e4 Bg4 12.Be3 e5 13.d5 Nb4 14.Qb3 Qd6 15.Rc1 Nd7
16.Nfd2 Be2 17.a3 Nd3 18.Rc3 N3c5 19.Qc2 b6 20.Nc4 Bxc4 21.Rxc4 a4 22.Nc3 c6
23.dxc6 Qxc6 24.Nd5 Rfe8 25.Rd1 Bf8 26.Bh3 Kg7 27.Bxd7 Qxd7 28.Nxb6 {#r} 1-0

[Event "Ch Spain (universities)"]
[Site "masterchessopen.com Torrelavega (Spain)"]
[Round "6"]
[White "Cacho Reigadas Sergio (ESP)"]
[Black "Gonzalez Diaz Diego (ESP)"]
[Result "1-0"]
[WhiteElo "2476"]
[BlackElo "2288"]

1.Nf3 Nf6 2.g3 g6 3.Bg2 Bg7 4.O-O O-O 5.d4 d5 6.c4 dxc4 7.Na3 c3 8.bxc3 c5
9.e3 Nc6 10.Qe2 Nd5 11.Bb2 Qa5 12.Rfc1 Bg4 13.h3 Bxf3 14.Bxf3 Nb6 15.Nc4 Qa4
16.Nd2 e5 17.Nb3 Nd7 18.Bg2 c4 19.Bd5 exd4 20.exd4 cxb3 21.axb3 Nxd4 22.cxd4
Qb4 23.Qc4 Qxc4 24.bxc4 a6 25.c5 Rab8 {#r} 1-0

[Event "Ch Mittelfranken (HT)"]
[Site "masterchessopen.com Zirndorf (Germany)"]
[Round "1"]
[White "Koepf Reinhard (GER)"]
[Black "Breitenbach Albert"]
[Result "1-0"]
[WhiteElo "2074"]
[BlackElo "1824"]

1.d4 Nf6 2.Nf3 g6 3.g3 Bg7 4.Bg2 O-O 5.O-O d5 6.c4 dxc4 7.Nc3 Nbd7 8.e4 c5
9.d5 Nb6 10.Be3 Bg4 11.Bxc5 Qc7 12.Be3 Rad8 13.Qc2 a6 14.Nd4 Rfe8 15.a4 Bc8
16.Ndb5 axb5 17.Nxb5 Qb8 18.Bxb6 Rd7 19.Qxc4 Rf8 20.f4 Ng4 21.h3 Nf6 22.Rac1
Nh5 23.Qb3 e6 24.d6 e5 25.f5 Bh6 26.Rc2 Ng7 27.Qd5 Qa8 28.b3 Qa6 29.a5 Rfd8
30.Bxd8 Rxd8 31.Rc7 Bd7 32.fxg6 Ne6 33.gxf7+ Kf8 34.Rxd7 Rxd7 35.Qxe6 Be3+
36.Kh1 {#r} 1-0

[Event "Ch Mittelfranken (HT)"]
[Site "masterchessopen.com Zirndorf (Germany)"]
[Round "8"]
[White "Thuerauf Peter (GER)"]
[Black "Kuehnling Klaus (GER)"]
[Result "1-0"]
[WhiteElo "2004"]
[BlackElo "2049"]

1.d4 Nf6 2.Nf3 g6 3.c4 Bg7 4.g3 d5 5.Bg2 O-O 6.O-O dxc4 7.Qa4 c5 8.dxc5 Qc7
9.Qxc4 Na6 10.c6 bxc6 11.Nc3 Bb7 12.Qh4 c5 13.e4 e5 14.Bg5 Ne8 15.Be7 Nb4
16.Bxf8 Bxf8 17.Qg5 Bg7 18.Rfc1 Nd6 19.Nd2 Rd8 20.Qe3 c4 21.Nd5 Nxd5 22.exd5
Nf5 23.Qxa7 Ra8 24.Rxc4 Qxc4 25.Qxa8+ {#r} 1-0

[Event "It (open)"]
[Site "masterchessopen.com Greifswald (Germany)"]
[Date "2002.08.24"]
[Round "2"]
[White "Krieger Fabian"]
[Black "Schnabel Ralf (GER)"]
[Result "0-1"]
[WhiteElo "1821"]
[BlackElo "2265"]

1.Nf3 Nf6 2.c4 g6 3.g3 Bg7 4.Bg2 O-O 5.O-O d5 6.d4 dxc4 7.Na3 c3 8.bxc3 c5
9.Re1 Nc6 10.e4 Bg4 11.Nc2 Rc8 12.h3 Bxf3 13.Bxf3 Qd7 14.Bg2 Rfd8 15.Be3 Na5
16.Qe2 Qa4 {#R} 0-1

[Event "It (open)"]
[Site "masterchessopen.com Batumi (Georgia)"]
[Round "4"]
[White "Tkebuchava Gocha (GEO)"]
[Black "Atakisi Umut (TUR)"]
[Result "0-1"]
[WhiteElo "2343"]
[BlackElo "2304"]

1.d4 Nf6 2.Nf3 g6 3.g3 Bg7 4.Bg2 O-O 5.O-O d5 6.c4 dxc4 7.Ne5 c5 8.dxc5 Qc7
9.Nxc4 Qxc5 10.Ne3 Nc6 11.Nc3 Rd8 12.Qa4 Nd4 13.Rd1 Be6 14.Bxb7 Rab8 15.Bf3
Rb4 16.Qa3 a5 17.Kg2 Rc8 18.h4 Nxf3 19.exf3 Qh5 20.Rh1 Nd7 21.g4 Qc5 22.Ne4
Qb6 23.Qd3 Ne5 24.Qe2 Qb7 25.a3 Rd4 26.Bd2 Nxf3 27.Qxf3 Rxe4 28.Kf1 Qb5+
29.Kg2 Rxg4+ 30.Kh2 Be5+ {#R} 0-1

[Event "Czech League 2002/03 (2nd) (b)"]
[Site "masterchessopen.com Czech Republic"]
[Round "6"]
[White "Stursa Jan (CZE)"]
[Black "Skliba Martin (CZE)"]
[Result "0-1"]
[WhiteElo "2183"]
[BlackElo "2186"]

1.Nf3 Nf6 2.d4 g6 3.g3 d5 4.Bg2 Bg7 5.O-O O-O 6.c4 dxc4 7.Na3 c3 8.bxc3 c5
9.e3 Nc6 10.Nc4 Be6 11.Nfe5 Nxe5 12.Nxe5 Bd5 13.f3 cxd4 14.e4 Be6 15.cxd4 Nd7
16.f4 Nxe5 17.fxe5 Bc4 18.Re1 b5 19.Bf1 Bxf1 20.Rxf1 Qb6 21.Ba3 b4 22.Rb1 a5
23.Kh1 Rad8 24.Bb2 Bxe5 25.d5 Qd6 26.Qb3 Bxb2 27.Qxb2 f5 28.Qd4 fxe4 29.Rxf8+
Rxf8 30.Qxe4 Rf2 31.Rc1 Rd2 32.Qe6+ Qxe6 33.dxe6 a4 34.Rb1 b3 35.axb3 a3 {#R}
0-1

[Event "Ch Finland (team) 2002/03"]
[Site "masterchessopen.com Finland"]
[Round "9"]
[White "Norri Joose (FIN)"]
[Black "Agopov Mikael (FIN)"]
[Result "1-0"]
[WhiteElo "2420"]
[BlackElo "2393"]

1.d4 Nf6 2.c4 g6 3.Nf3 Bg7 4.g3 O-O 5.Bg2 d5 6.O-O dxc4 7.Na3 Nc6 8.Nxc4 Be6
9.b3 a5 10.Bb2 Bd5 11.e3 Qc8 12.Qe2 Rd8 13.Rfc1 a4 14.Bf1 Qe6 15.Ng5 Qf5 16.h4
Ne4 17.Bh3 Qxf2+ 18.Qxf2 Nxf2 19.Kxf2 b5 20.Ne5 Nxe5 21.dxe5 Bxb3 22.Bd4 Bc4
23.Ne4 Rd5 24.Bg2 Rad8 25.Nd2 c5 26.Bxd5 Rxd5 27.Nxc4 cxd4 28.e4 Rd8 29.Nb6
{#r} 1-0

[Event "Ch Germany (Internet)"]
[Site "masterchessopen.com Internet"]
[Round "16"]
[White "Gutman Lev (GER)"]
[Black "Gustafsson Jan (GER)"]
[Result "0-1"]
[WhiteElo "2451"]
[BlackElo "2603"]

1.Nf3 Nf6 2.g3 d5 3.Bg2 g6 4.O-O Bg7 5.d4 O-O 6.c4 dxc4 7.Na3 c3 8.bxc3 c5
9.Nc4 Nc6 10.Nce5 Nd5 11.Qd2 Nxe5 12.Nxe5 Bxe5 13.dxe5 Be6 14.Rb1 Nb6 15.Bxb7
Rb8 16.Bg2 Nc4 17.Qxd8 Rfxd8 18.Bg5 Kf8 19.f4 Ne3 20.Rfc1 Bxa2 21.Ra1 Rb2
22.Be4 Rxe2 23.Re1 Rxe1+ 24.Rxe1 Rd1 25.Kf2 Ng4+ 26.Ke2 Rxe1+ 27.Kxe1 Nxh2
28.Bg2 Ng4 29.Kd2 f6 30.exf6 exf6 31.Bh4 Kf7 32.Bf3 Be6 33.c4 h6 {#R} 0-1

[Event "Memorial Victor Syre (open)"]
[Site "masterchessopen.com Issy Les Moulineaux (France)"]
[Round "1"]
[White "Demarre Jacques (FRA)"]
[Black "Szylar Eric (FRA)"]
[Result "1-0"]
[WhiteElo "2281"]
[BlackElo "2103"]

1.d4 Nf6 2.c4 g6 3.g3 Bg7 4.Bg2 d5 5.Nf3 O-O 6.O-O dxc4 7.Na3 c5 8.dxc5 Qa5
9.Nxc4 Qxc5 10.b3 Ng4 11.Ba3 Qc7 12.Rc1 Nc6 13.h3 Rd8 14.Qc2 Nh6 15.Bb2 Nd4
16.Nxd4 Bxd4 17.Rfd1 Nf5 18.e4 Bxb2 19.Nxb2 {#r} 1-0

[Event "Ch Europe"]
[Site "masterchessopen.com Istanbul (Turkey)"]
[Round "2"]
[White "Kurajica Bojan (CRO)"]
[Black "Brendel Oliver (GER)"]
[Result "1-0"]
[WhiteElo "2541"]
[BlackElo "2340"]

{ Kurajica Bojan (BIH) +5 =4 -3 } 1.d4 { 1 } 1...Nf6 2.Nf3 g6 3.g3 Bg7 4.c4
O-O 5.Bg2 d5 6.O-O dxc4 7.Na3 c3 8.bxc3 c5 { ?/= } 9.Qb3 ( 9.e3 Nc6 10.Qe2 Bf5
11.Rd1 Be4 12.Bb2 Qb6 13.Nc4 Qa6 14.Bf1 cxd4 15.cxd4 Rac8 16.Nfd2 Na5 17.Na3
Qxe2 18.Bxe2 Bd5 19.Bd3 Nd7 20.Rdb1 Nb6 21.Nb5 a6 22.Nc3 Be6 23.Nce4 Nbc4
24.Bc3 Bf5 25.Rc1 Rfd8 26.Bf1 b5 27.Nxc4 Nxc4 { 0-1, Kurajica Bojan 2595 -
Palac Mladen 2515 , Vinkovci 1995 It (cat.11) } ) ( 9.Ne5 Nd5 10.Bb2 Nc6
11.Nac4 Be6 12.e3 Qc7 13.Nxc6 bxc6 14.Qc1 Rab8 15.Ba3 cxd4 16.cxd4 Nb4 17.Nd2
Nxa2 18.Qc5 Rfc8 19.Ne4 Bf8 20.Qc2 Nb4 21.Qd2 a5 22.Nc5 Bc4 23.Rfc1 Bb5
24.Bxb4 axb4 25.Qxb4 e5 26.dxe5 Qxe5 27.Qf4 Qxf4 28.gxf4 Ra8 { ...1/2-1/2,
Smyslov Vassily 2530 - Gulko Boris F 2610 , Tilburg 1992 It (play-off)
"Interpolis" } ) 9...Nc6 10.Rd1 Qa5 ( 10...Na5 11.Qb2 Bf5 12.Bd2 Qb6 13.Qc1
Rac8 14.Be3 Ng4 15.dxc5 Qa6 16.Bd4 e5 17.h3 Bh6 18.Ng5 exd4 19.hxg4 Bxg4
20.Rxd4 Bxe2 21.Rh4 Bh5 22.Bd5 Rxc5 23.Qd2 Nc6 24.Nc2 Qa5 25.Rxh5 Rxd5 { 0-1,
Gutman Lev 2535 - Douven Rudy C 2475 , Lugano 1989 It (open) } ) ( 10...Qd5
11.Ne5 { } ) 11.d5 { } 11...Nxd5 { N ?! } ( 11...Nb8 { !? } 12.Bb2 ( 12.Ne5
Nfd7 13.Nxd7 Nxd7 14.Bb2 Rb8 15.Nc4 Qc7 16.d6 exd6 17.Nxd6 b5 18.Bh3 c4 19.Qc2
f5 20.Ba3 Nc5 21.Rab1 a6 22.Qd2 Be6 23.Qe3 b4 24.Bxb4 Ne4 25.Nxe4 Rfe8 26.Nd6
{ 1-0, Nina Miguel 2335 - Ascoy Adolfo 2189 , Lima 2002 Ch Peru (1/2 final) }
) ( 12.Nd2 Qb6 13.Ndc4 Qxb3 { } ) 12...Na6 13.c4 Bd7 14.Bc3 Qa4 15.Ne1 Nb4
16.Qb2 Rfd8 17.e4 Rab8 18.e5 Ng4 19.e6 Bxc3 20.exf7+ Kxf7 21.Qxc3 Nf6 22.Nf3
Rf8 23.Re1 Rbe8 24.Re2 Kg8 25.Rae1 Rf7 26.Ng5 Rg7 27.Rb2 Bf5 28.Ne6 Bxe6
29.Rxe6 Qd1+ 30.Bf1 Rf7 31.Nb5 { ...0-1, Jirovsky Pavel 2335 - Pribyl Martin
2215 , Brno 1989 Ch Czech Republic (juniors) (under 16) } ) 12.Rxd5 Be6 13.Bb2
Bxd5 14.Qxd5 Bxc3 15.Nc4 Qb4 16.a3 Qb3 17.Qd3 Nd4 18.Rb1 Bxb2 19.Rxb2 Qa4 { ?
} ( { ? } 19...Qxd3 20.exd3 Nxf3+ 21.Bxf3 Rab8 { } ) 20.Nxd4 cxd4 21.Rb3 { ?!
} ( 21.Rb4 { !? } 21...Qd7 22.Rxb7 Qe6 23.Bf3 { } ) 21...Qd7 { ?! } (
21...Rab8 { !? } 22.Bxb7 Qd7 23.Na5 Qc7 { } ) 22.Bxb7 { ?! } ( 22.Rxb7 { !? }
22...Qe6 23.Bf3 Rac8 24.Nd2 { } ) 22...Rab8 23.Ne5 Qc7 24.Qe4 Qc1+ { ? } ( { ?
} 24...e6 25.Rb5 Rfc8 26.Bc6 Rxb5 { } ) 25.Kg2 { } {#r} 1-0

[Event "Ch Czech Republic (juniors) (under 20)"]
[Site "masterchessopen.com Luhacovice (Czech Republic)"]
[Round "11"]
[White "Adamek Jiri (CZE)"]
[Black "Bernasek Jan (CZE)"]
[Result "0-1"]
[WhiteElo "2217"]
[BlackElo "2384"]

1.d4 Nf6 2.Nf3 g6 3.g3 Bg7 4.Bg2 O-O 5.O-O d5 6.c4 dxc4 7.Ne5 c6 8.Nxc4 Be6
9.b3 a5 10.a4 Nbd7 11.Nbd2 Nd5 12.Bb2 Nb4 13.Nf3 h6 14.Rc1 Qb8 15.Qd2 Qa7
16.Bc3 Nd5 17.Ba1 Rfd8 18.Rfd1 Nb4 19.Bc3 Nc5 20.Bxb4 Nxb3 21.Qc2 axb4 22.Qxb3
b5 23.axb5 cxb5 24.Qxb4 Bxc4 25.Ne5 Bxe5 26.dxe5 Rab8 27.Rxd8+ Rxd8 28.Bf3 Qd7
29.Qc5 Qe6 30.Ra1 Rc8 31.Ra8 Rxa8 32.Bxa8 Bxe2 33.Bd5 Qf5 34.f3 Qb1+ 35.Kf2
Qf1+ {#R} 0-1

[Event "Ch Bosnia & Herzegovina (team)"]
[Site "masterchessopen.com Neum (Bosnia & Herzegovina)"]
[Round "6"]
[White "Sekulic Dusan (SRB)"]
[Black "Pasic Enes (BIH)"]
[Result "1-0"]
[WhiteElo "2333"]
[BlackElo "2302"]

1.d4 Nf6 2.Nf3 g6 3.c4 Bg7 4.g3 O-O 5.Bg2 d5 6.O-O dxc4 7.Nc3 Nfd7 8.e4 Nb6
9.Be3 Bg4 10.h3 Bxf3 11.Bxf3 Nc6 12.d5 Ne5 13.Bg2 c6 14.a4 a5 15.dxc6 Nd3
16.cxb7 Rb8 17.e5 Bxe5 18.Rb1 e6 19.Bh6 Re8 20.Bc6 Re7 21.Qf3 f6 22.Rfd1 Nd7
23.Be3 f5 24.Ba7 Bg7 25.Rxd3 cxd3 26.Qxd3 Rxb7 27.Bxb7 Qc7 28.Nb5 Ne5 29.Bc5
Qxb7 {#r} 1-0

[Event "Ch SibFO "]
[Site "masterchessopen.com Novosibirsk (Russia)"]
[Round "5"]
[White "Zablotsky Sergei (RUS)"]
[Black "Shomoev Anton (RUS)"]
[Result "1-0"]
[WhiteElo "2451"]
[BlackElo "2486"]

1.Nf3 Nf6 2.g3 g6 3.Bg2 Bg7 4.O-O d5 5.d4 O-O 6.c4 dxc4 7.Na3 c3 8.bxc3 c5
9.Ne5 Nc6 10.Nxc6 bxc6 11.Bxc6 Bh3 12.Re1 Rc8 13.Bf3 Qa5 14.Qd2 Rfd8 15.e3 Nd5
16.Bxd5 Rxd5 17.Rb1 Rd7 18.Rb5 Qd8 19.Qe2 e5 20.Rxc5 Rxc5 21.dxc5 e4 22.Nb5
Rd3 23.Nd6 f5 24.Qb2 Rxc3 25.Qb7 Rd3 26.Qf7+ Kh8 27.Qc4 Rxd6 28.cxd6 Qxd6
29.Qc8+ Qf8 30.Qxf8+ Bxf8 31.Bb2+ Kg8 32.Rc1 {#r} 1-0

[Event "It (cat.2)"]
[Site "masterchessopen.com Oslo (Norway)"]
[Round "4"]
[White "Kristensen Bjarke (DEN)"]
[Black "Hermansson Emil (SWE)"]
[Result "0-1"]
[WhiteElo "2401"]
[BlackElo "2414"]

1.d4 Nf6 2.Nf3 g6 3.g3 d5 4.Bg2 Bg7 5.O-O O-O 6.c4 dxc4 7.Ne5 Ne8 8.e3 c5
9.Na3 cxd4 10.exd4 Nd6 11.Be3 Nc6 12.Nxc6 bxc6 13.Rc1 Rb8 14.Re1 Rxb2 15.Nxc4
Nxc4 16.Rxc4 Rxa2 17.Bxc6 Qa5 18.Rc5 Qb4 19.Rb5 Qd6 20.Bd5 Ba6 21.Rc5 Rb2
22.Qa1 Rfb8 23.Ra5 Bd3 24.Bf4 Qf6 25.Rxa7 Qxd4 26.Bxf7+ Kh8 27.Be3 Qb4 28.Ra4
Qb7 29.Bd4 Bxd4 30.Rxd4 Qb6 31.Rf4 g5 32.Rf3 g4 33.Rf4 e5 34.Qa3 Rb1 35.Qxd3
Rxe1+ 36.Kg2 {#R} 0-1

[Event "It"]
[Site "masterchessopen.com Palma de Majorca (Spain)"]
[Round "3"]
[White "Barcelo Pedro (ESP)"]
[Black "Martinez Alexandro (ARG)"]
[Result "0-1"]
[WhiteElo "2239"]
[BlackElo "2220"]

1.d4 Nf6 2.Nf3 g6 3.g3 Bg7 4.Bg2 O-O 5.O-O d5 6.c4 dxc4 7.Na3 c3 8.bxc3 c5
9.Ne5 Nd5 10.Bb2 Nc6 11.Nxc6 bxc6 12.e4 Nb6 13.dxc5 Qxd1 14.Rfxd1 Na4 15.Rab1
Be6 16.Ba1 Bxa2 17.Rb4 Nxc3 18.Bxc3 Bxc3 19.Rb7 Rfb8 20.Rxe7 Bb2 21.Nc2 Bb3
22.Rd2 Bc3 23.Red7 Bxd2 24.Rxd2 Rd8 {#R} 0-1

[Event "It (open)"]
[Site "masterchessopen.com Plancoet (France)"]
[Round "7"]
[White "Le Roux Jean-Pierre (FRA)"]
[Black "Bricard Emmanuel (FRA)"]
[Result "1-0"]
[WhiteElo "2460"]
[BlackElo "2434"]

1.d4 Nf6 2.Nf3 g6 3.g3 d5 4.Bg2 Bg7 5.O-O O-O 6.c4 dxc4 7.Na3 Nc6 8.Nxc4 Be6
9.b3 a5 10.a4 Bd5 11.Bb2 Qc8 12.e3 h6 13.Qe2 Qe6 14.Rac1 Rad8 15.Rfe1 Ne4
16.Red1 f5 17.Ne1 Ng5 18.f3 Qf7 19.Nd3 Ne6 20.Qe1 g5 21.Nd2 g4 22.e4 fxe4
23.fxe4 Bxb3 24.Nxb3 Nexd4 25.Nxd4 Bxd4+ 26.Bxd4 Rxd4 27.e5 Rxa4 28.Qe3 Nd4
29.Nc5 Nf5 30.Qf2 Rc4 31.Rxc4 {#r} 1-0